| 000 | 00423cam a22001217a 4500 | ||
|---|---|---|---|
| 008 | 180718b1988 xxu||||| |||| 00| 0 eng d | ||
| 082 | _aA81x54 In2/71/19/PT6B/MAN | ||
| 100 | _aCensus of India 1971 | ||
| 245 | _aTamil Nadu: special survey reports on selected towns, Mannargudi | ||
| 260 |
_aDelhi _bThe Controller of Publications _c1988 |
||
| 300 | _a121+p. | ||
| 440 | _aCensus of India 1971. Series-19, Tamil Nadu. Part VI-B | ||
| 999 |
_c485518 _d485518 |
||